000 00443nam a2200157 i 4500
001 140868
003 ES-MaACL
005 20230906200153.0
007 t|
008 070918s1932 pn ||||1| spa d
100 1 _aWendehake, José Rafael.
_9116482
245 1 0 _aVenezuela en los últimos treinta años /
_cJosé Rafael Wendehake.
260 _aPanamá :
_bLa Moderna,
_c1932.
300 _a46 p. ;
_c22 cm.
852 _aES-MaACL
_j1773-F-4
999 _c140868
_d140868